Delimitacin̤ Jurd̕ica de la Administracin̤ Pb︢lica en el Ordenamiento Peruano

Detalles Bibliográficos
Autor principal: Abruą Puyol, Antonio
Formato: eBook
Lenguaje:español
Materias:
Acceso en línea:Acceso restringido

MARC

LEADER 00000nam a22000007a 4500
005 20120619170557.0
007 cr|||| ||||
008 120619s2010 pe |||||s|||| 00||0 spa d
020 |a 978-612-4047-41-1 
035 |a 6499 
040 |a vLex 
090 |c 3198  |d 3198 
100 1 |a Abruą Puyol, Antonio 
245 1 0 |a Delimitacin̤ Jurd̕ica de la Administracin̤ Pb︢lica en el Ordenamiento Peruano  |h [Recurso electrn̤ico] /  |c Antonio Abruą Puyol  
256 |a Servicio en ln̕ea 
300 |a 1 recurso electrn̤ico 
506 1 |a Contenido solo disponible en los productos indicados  |d vLex Global   |d vLex Global (Academic Edition, excluding Law Schools)   |d vLex Global (U.S. Academic Edition, Law Schools)   |d vLex Global (U.S. Academic Edition, excluding Law Schools)   |d vLex Global (Academic Edition, Law Schools)  
650 0 4 |a Administracin̤ pb︢lica  |z Per︢ 
740 0 |a vLex Libros (Servicio en ln̕ea) 
856 4 0 |u http://vlex.com/source/delimitacion-juridica-administracion-publica-ordenamiento-peruano-6499  |z Acceso restringido 
942 |c BOOK 
999 0 |a Public administration